[Event "Dmitrov 2012 open"]
[Site "Dmitrov"]
[Date "2012.07.25"]
[Round "1.1"]
[White "Bivol, Alina"]
[Black "Ofitserian, Boris"]
[Result "1/2-1/2"]
[WhiteElo "2175"]
[BlackElo "2049"]
[PlyCount "58"]
[EventDate "2012.07.25"]

1. e4 c5 2. c3 d6 3. d4 Nf6 4. Bd3 g6 5. Nf3 Bg7 6. O-O O-O 7. Qe2 Bg4 8. Be3
cxd4 9. cxd4 Nc6 10. Nbd2 Nd7 11. h3 Bxf3 12. Nxf3 a6 13. Rfd1 Rc8 14. Rac1 Qa5
15. a3 b5 16. Bb1 Qd8 17. Ba2 Nb6 18. b4 d5 19. exd5 Nxd5 20. Rc5 e6 21. Bxd5
exd5 22. Qa2 Ne7 23. Rdc1 Qd7 24. Ne1 Rfd8 25. Nd3 Nc6 26. Nf4 Nxd4 27. Rxc8
Rxc8 28. Rxc8+ Qxc8 29. Qxd5 Nf5 1/2-1/2

[Event "Dmitrov 2012 open"]
[Site "Dmitrov"]
[Date "2012.07.25"]
[Round "1.2"]
[White "Mozgunov, Mikhail"]
[Black "Ustinov, Alexey"]
[Result "0-1"]
[WhiteElo "2029"]
[BlackElo "2155"]
[PlyCount "111"]
[EventDate "2012.07.25"]

1. e4 c5 2. Nf3 d6 3. d4 cxd4 4. Nxd4 Nf6 5. Nc3 a6 6. Be3 Ng4 7. Bg5 h6 8. Bh4
g5 9. Bg3 Bg7 10. Be2 h5 11. h4 gxh4 12. Bxh4 Nc6 13. Nb3 Be6 14. Qd2 Qb6 15.
Bxg4 hxg4 16. O-O-O a5 17. Bg5 Rxh1 18. Rxh1 a4 19. Be3 Qb4 20. a3 Bxc3 21.
Qxc3 Qxc3 22. bxc3 Kd7 23. Nd4 Ne5 24. Nxe6 Kxe6 25. Kb1 Rc8 26. Bd4 Nc4 27.
Ka2 Nd2 28. Re1 f6 29. Re2 Nc4 30. f4 Rh8 31. Bf2 Rh1 32. f5+ Kd7 33. Bd4 Kc6
34. Bf2 Rd1 35. Be3 Nxe3 36. Rxe3 Rd2 37. Rg3 Rxc2+ 38. Kb1 Re2 39. Rxg4 b5 40.
g3 Kc5 41. Rf4 Re3 42. Kc2 Rxg3 43. Rh4 Rg2+ 44. Kd3 Ra2 45. Rh8 Rxa3 46. Rc8+
Kb6 47. Rb8+ Kc6 48. Kd4 Ra1 49. Ra8 a3 50. Kd3 a2 51. Kc2 Re1 52. Rxa2 Re2+
53. Kb3 Rxa2 54. Kxa2 d5 55. exd5+ Kxd5 56. Ka3 0-1

[Event "Dmitrov 2012 open"]
[Site "Dmitrov"]
[Date "2012.07.25"]
[Round "1.3"]
[White "Yakushev, Vladimir"]
[Black "Dobrynina, Aleksandra"]
[Result "0-1"]
[WhiteElo "2147"]
[BlackElo "2023"]
[PlyCount "58"]
[EventDate "2012.07.25"]

1. e4 e6 2. d4 d5 3. Nc3 Bb4 4. exd5 exd5 5. Bd3 c6 6. Nge2 Ne7 7. Bg5 O-O 8.
Ng3 h6 9. Qh5 Re8 10. O-O-O Qd6 11. Rde1 Bd7 12. Re5 Na6 13. Rhe1 f6 14. Nge4
dxe4 15. Nxe4 Qxe5 16. dxe5 fxg5 17. Nf6+ gxf6 18. exf6 Bxe1 19. Bh7+ Kf8 20.
Qxh6+ Kf7 21. Qxg5 Rg8 22. Qe5 Nd5 23. Qh5+ Kxf6 24. Qh6+ Kf7 25. Qh5+ Ke6 26.
f4 Nf6 27. Qe5+ Kf7 28. Bxg8+ Rxg8 29. Qxe1 Rxg2 0-1

[Event "Dmitrov 2012 open"]
[Site "Dmitrov"]
[Date "2012.07.25"]
[Round "1.4"]
[White "Rudenok, Tatiana"]
[Black "Denishev, Marat"]
[Result "1/2-1/2"]
[WhiteElo "2023"]
[BlackElo "2139"]
[PlyCount "107"]
[EventDate "2012.07.25"]

1. e4 c5 2. Nc3 Nc6 3. g3 g6 4. Bg2 Bg7 5. d3 d6 6. f4 e6 7. Nf3 Nge7 8. O-O
O-O 9. Bd2 Qb6 10. Rb1 c4+ 11. Kh1 cxd3 12. cxd3 Bd7 13. Be1 Nd4 14. Bf2 Nec6
15. g4 f5 16. gxf5 exf5 17. Nd5 Qd8 18. Bh4 Qa5 19. Nd2 Qxa2 20. Nc4 fxe4 21.
Bxe4 Be6 22. b4 b5 23. Rf2 Qa6 24. Nc7 Qc8 25. Nxe6 Qxe6 26. Ne3 Kh8 27. Nd5
Rac8 28. Qf1 Nf5 29. Bg3 Nce7 30. Nxe7 Qxe7 31. Re1 Bc3 32. Rb1 Qf6 33. Ra2 Bd4
34. Bf2 Rc7 35. Qg1 Bxf2 36. Qxf2 Nd4 37. Rba1 Rfc8 38. Rf1 Rc2 39. Rxc2 Rxc2
40. Qe3 Re2 41. Qh3 Rc2 42. Qe3 Kg7 43. Qh3 Rc7 44. Qg2 Nf5 45. Qg1 Qe6 46. Ra1
Qf7 47. Ra5 d5 48. Bxf5 Qxf5 49. Rxa7 Qxf4 50. Rxc7+ Qxc7 51. Qd4+ Kh6 52. Qe3+
g5 53. Qe6+ Kg7 54. Qxd5 1/2-1/2

[Event "Dmitrov 2012 open"]
[Site "Dmitrov"]
[Date "2012.07.25"]
[Round "1.5"]
[White "Volkov, Sergei"]
[Black "Sepp, Yuri"]
[Result "1-0"]
[WhiteElo "2136"]
[BlackElo "1967"]
[PlyCount "63"]
[EventDate "2012.07.25"]

1. e4 c5 2. Nf3 Nf6 3. Nc3 d6 4. d4 cxd4 5. Nxd4 Nc6 6. Be2 g6 7. O-O Bg7 8.
Nb3 O-O 9. Re1 Be6 10. Bf1 Re8 11. Nd5 Nd7 12. Nf4 Nf8 13. Nxe6 Nxe6 14. c3 Qc7
15. Be3 Ne5 16. Nd4 Nc5 17. f4 Ned7 18. Bf2 Nf6 19. e5 dxe5 20. fxe5 Nfe4 21.
Nb5 Qc6 22. Bd4 a6 23. Na3 Rad8 24. Qf3 f5 25. exf6 Bxf6 26. Rad1 e5 27. Be3
Na4 28. Nc4 Bg7 29. Na5 Qc7 30. Qxe4 Qxa5 31. Rxd8 Rxd8 32. Qxb7 1-0

[Event "Dmitrov 2012 open"]
[Site "Dmitrov"]
[Date "2012.07.25"]
[Round "1.7"]
[White "Berezin, Viktor"]
[Black "Kobozeva, Viktoria"]
[Result "1-0"]
[WhiteElo "2124"]
[BlackElo "1798"]
[PlyCount "95"]
[EventDate "2012.07.25"]

1. d4 Nf6 2. c4 g6 3. Nc3 Bg7 4. e4 d6 5. Nf3 O-O 6. Bd3 Bg4 7. h3 Bxf3 8. Qxf3
Nc6 9. Be3 Nd7 10. d5 Nce5 11. Qe2 Nxd3+ 12. Qxd3 Nc5 13. Bxc5 dxc5 14. O-O Bd4
15. Kh1 e5 16. f4 exf4 17. Rxf4 Be5 18. Rf3 Qe7 19. Re1 Qh4 20. Qf1 Rae8 21.
Qe2 f5 22. Nd1 Bg3 23. Rxg3 Qxg3 24. e5 f4 25. Qf2 g5 26. Kg1 Rf5 27. e6 h5 28.
Nc3 Qxf2+ 29. Kxf2 a6 30. Ne4 b6 31. Kf3 Kg7 32. Rd1 Re5 33. h4 Rf5 34. Nxg5
Kg6 35. Ke4 Rxg5 36. hxg5 Kxg5 37. Ke5 h4 38. Rd3 Re7 39. d6 cxd6+ 40. Rxd6 Kg4
41. Rd7 Re8 42. Rg7+ Kh5 43. Kf6 Rf8+ 44. Rf7 Rg8 45. Rh7+ Kg4 46. e7 Kg3 47.
Kf7 Rc8 48. Rg7+ 1-0

[Event "Dmitrov 2012 open"]
[Site "Dmitrov"]
[Date "2012.07.25"]
[Round "1.8"]
[White "Dugin, Andrey"]
[Black "Izotov, Sergey"]
[Result "0-1"]
[WhiteElo "1793"]
[BlackElo "2123"]
[PlyCount "46"]
[EventDate "2012.07.25"]

1. e4 e5 2. Nf3 Nc6 3. Nc3 Nf6 4. Bb5 Bb4 5. O-O O-O 6. d3 d6 7. Bg5 Ne7 8. Nh4
c6 9. Ba4 d5 10. f4 Ng4 11. f5 Qb6+ 12. Kh1 Nf2+ 13. Rxf2 Qxf2 14. Qg4 Kh8 15.
Qh3 d4 16. g4 dxc3 17. bxc3 Bc5 18. Rf1 Qe2 19. f6 Bxg4 20. fxg7+ Kxg7 21. Bf6+
Kg8 22. Nf5 Nxf5 23. Rxf5 Bxf5 0-1

[Event "Dmitrov 2012 open"]
[Site "Dmitrov"]
[Date "2012.07.25"]
[Round "1.9"]
[White "Asrian, Armen"]
[Black "Lyubokhiner, Leonid M"]
[Result "1-0"]
[WhiteElo "2119"]
[BlackElo "1715"]
[PlyCount "117"]
[EventDate "2012.07.25"]

1. e4 e5 2. Nf3 Nc6 3. Bb5 a6 4. Ba4 Nf6 5. O-O b5 6. Bb3 Bb7 7. Re1 Bc5 8.
Nxe5 Nxe5 9. d4 Qe7 10. dxc5 O-O 11. Qd4 Nc6 12. Qe3 Rae8 13. f3 Ne5 14. a4 Nc4
15. Bxc4 bxc4 16. Nd2 d5 17. cxd6 cxd6 18. Nxc4 d5 19. e5 Ne4 20. Na5 Nc5 21.
Nxb7 Nxb7 22. Qb6 Rc8 23. c3 Nc5 24. Qb4 Rb8 25. Qg4 f5 26. Qd4 Rbd8 27. Bg5
Qxg5 28. Qxc5 Qd2 29. Qf2 Qd3 30. Rad1 Qc4 31. Rd4 Qc6 32. Qd2 Rfe8 33. f4 Kf7
34. Kf1 Ke6 35. Rd1 Kf7 36. c4 Qxa4 37. cxd5 Qb5+ 38. Qe2 Qxe2+ 39. Kxe2 Rb8
40. R1d2 g5 41. Kf3 Rg8 42. d6 Rb3+ 43. Kf2 gxf4 44. d7 Rd8 45. Rd6 Re3 46.
Rxa6 Rxe5 47. Kf3 Re4 48. Rad6 Kg7 49. R6d4 Re3+ 50. Kxf4 Rb3 51. Kxf5 Re3 52.
Rg4+ Kf7 53. b4 Rb3 54. Ke5 Re3+ 55. Re4 Rxe4+ 56. Kxe4 Ke6 57. g4 Ke7 58. Ke5
h6 59. Rd6 1-0

[Event "Dmitrov 2012 open"]
[Site "Dmitrov"]
[Date "2012.07.25"]
[Round "1.10"]
[White "Studennikov, Dmitry"]
[Black "Tarmosin, Mikhail"]
[Result "0-1"]
[WhiteElo "1650"]
[BlackElo "2100"]
[PlyCount "120"]
[EventDate "2012.07.25"]

1. e4 d5 2. exd5 Nf6 3. d4 Nxd5 4. c4 Nb6 5. Nf3 g6 6. c5 Nd5 7. Bc4 Bg7 8. Nc3
c6 9. Qb3 O-O 10. Bxd5 cxd5 11. Qxd5 Nc6 12. Be3 Bf5 13. Qc4 Qa5 14. a3 Rad8
15. d5 Bxc3+ 16. bxc3 Rxd5 17. Qxd5 Qxc3+ 18. Ke2 Be6 19. Bd2 Qxa1 20. Rxa1
Bxd5 21. Rb1 Rc8 22. Be3 Nd8 23. g3 a6 24. Ne5 Rc7 25. Rd1 e6 26. Rd2 f6 27.
Nd3 Nc6 28. Nb4 Ne7 29. Ke1 Kf7 30. h4 a5 31. Nd3 e5 32. Nb2 Ke6 33. Na4 Nf5
34. Rb2 Bf3 35. Rb6+ Kf7 36. Rb5 Rd7 37. Nb2 a4 38. Rb4 Bc6 39. Ke2 Rd8 40. Ke1
Ke6 41. Ke2 h5 42. Ke1 Nxe3 43. fxe3 e4 44. Ke2 Ra8 45. Nc4 g5 46. Nd6 gxh4 47.
gxh4 f5 48. Nxb7 Rb8 49. Rb6 Rxb7 50. Rxc6+ Ke5 51. Ra6 Rb2+ 52. Ke1 Rb3 53.
Kd2 Rd3+ 54. Ke2 Rxa3 55. c6 Ra2+ 56. Ke1 Kd6 57. Ra5 a3 58. Kf1 Kxc6 59. Rxf5
Rb2 60. Rxh5 a2 0-1

[Event "Dmitrov 2012 open"]
[Site "Dmitrov"]
[Date "2012.07.25"]
[Round "2.1"]
[White "Ustinov, Alexey"]
[Black "Asrian, Armen"]
[Result "1/2-1/2"]
[WhiteElo "2155"]
[BlackElo "2119"]
[PlyCount "66"]
[EventDate "2012.07.25"]

1. d4 Nf6 2. Nf3 g6 3. h3 Bg7 4. Bf4 O-O 5. e3 d6 6. c3 b6 7. Nbd2 Bb7 8. Be2
c5 9. a4 Nc6 10. O-O Qc8 11. Bh2 Rd8 12. Nc4 Ba6 13. Rc1 Qb7 14. Re1 Rac8 15.
Qb3 d5 16. Nce5 Bxe2 17. Rxe2 c4 18. Qc2 Na5 19. Ng5 Rf8 20. e4 Bh6 21. f4 Bxg5
22. fxg5 Nxe4 23. Rf1 Nxg5 24. Ref2 f5 25. Qd2 Nf7 26. g4 Nxe5 27. Bxe5 e6 28.
gxf5 Rxf5 29. Rxf5 exf5 30. Rxf5 gxf5 31. Qg5+ Kf8 32. Qxf5+ Ke7 33. Qf6+ Ke8
1/2-1/2

[Event "Dmitrov 2012 open"]
[Site "Dmitrov"]
[Date "2012.07.25"]
[Round "2.2"]
[White "Tarmosin, Mikhail"]
[Black "Volkov, Sergei"]
[Result "0-1"]
[WhiteElo "2100"]
[BlackElo "2136"]
[PlyCount "54"]
[EventDate "2012.07.25"]

1. e4 c5 2. Nf3 d6 3. d4 cxd4 4. Nxd4 Nf6 5. Nc3 a6 6. Bg5 Nbd7 7. f4 Qc7 8.
Qf3 h6 9. Bh4 g5 10. fxg5 hxg5 11. Bxg5 Qc5 12. Nf5 e6 13. Bxf6 Nxf6 14. Nxd6+
Bxd6 15. Qxf6 Bg3+ 16. Kd2 Be5 17. Qf3 Qb4 18. Rb1 Bd7 19. a3 Qe7 20. g3 O-O-O
21. Bd3 Bc6 22. Qe3 Rh3 23. Rbe1 Rdh8 24. Ne2 Bxb2 25. Bxa6 bxa6 26. Rb1 Be5
27. Qb6 Qd8+ 0-1

[Event "Dmitrov 2012 open"]
[Site "Dmitrov"]
[Date "2012.07.25"]
[Round "2.3"]
[White "Struzhkin, Denis"]
[Black "Rumjantsev, Juri"]
[Result "1-0"]
[WhiteElo "2056"]
[BlackElo "2133"]
[PlyCount "77"]
[EventDate "2012.07.25"]

1. e4 c5 2. Nf3 g6 3. d4 cxd4 4. Nxd4 Bg7 5. c4 Nc6 6. Be3 Nf6 7. Nc3 d6 8. Be2
O-O 9. O-O Bd7 10. Nxc6 Bxc6 11. f3 Nd7 12. Bd4 a5 13. b3 Nc5 14. Bxg7 Kxg7 15.
Kh1 Qb6 16. Qd4+ Kg8 17. Rab1 Ra6 18. Nd5 Qd8 19. f4 Bxd5 20. cxd5 Rb6 21. e5
Rb4 22. Qc3 Ne4 23. Qe3 dxe5 24. fxe5 Qb6 25. Qxb6 Rxb6 26. Rbc1 Rd8 27. Rf4 f5
28. g4 a4 29. gxf5 gxf5 30. Rxf5 axb3 31. axb3 Kh8 32. Bd3 e6 33. dxe6 Rxd3 34.
e7 Re6 35. Rf8+ Kg7 36. e8=Q Rxe8 37. Rxe8 Rd2 38. Rf1 Kg6 39. Rg8+ 1-0

[Event "Dmitrov 2012 open"]
[Site "Dmitrov"]
[Date "2012.07.25"]
[Round "2.4"]
[White "Dobrynina, Aleksandra"]
[Black "Berezin, Viktor"]
[Result "1/2-1/2"]
[WhiteElo "2023"]
[BlackElo "2124"]
[PlyCount "47"]
[EventDate "2012.07.25"]

1. d4 Nf6 2. c4 g6 3. Nc3 d5 4. e3 Bg7 5. h3 O-O 6. Nf3 c6 7. Bd3 h6 8. O-O Be6
9. c5 Nbd7 10. Qc2 b6 11. cxb6 axb6 12. Na4 Rc8 13. b4 c5 14. bxc5 bxc5 15.
dxc5 Ne4 16. Bb2 Ndxc5 17. Nxc5 Rxc5 18. Qe2 Qa5 19. Bxg7 Kxg7 20. Bxe4 dxe4
21. Nd4 Bc4 22. Qb2 e5 23. Nb3 Qb4 24. Rfc1 1/2-1/2

[Event "Dmitrov 2012 open"]
[Site "Dmitrov"]
[Date "2012.07.25"]
[Round "2.6"]
[White "Denishev, Marat"]
[Black "Kirillov, Nikolay"]
[Result "1-0"]
[WhiteElo "2139"]
[BlackElo "2061"]
[PlyCount "109"]
[EventDate "2012.07.25"]

1. d4 Nf6 2. Nf3 d5 3. c4 c6 4. e3 a6 5. Nbd2 Bf5 6. Be2 h6 7. O-O e6 8. b3
Nbd7 9. Bb2 Be7 10. Rc1 O-O 11. Ne5 Nxe5 12. dxe5 Nd7 13. Nf3 Rc8 14. Bd3 Bxd3
15. Qxd3 Nc5 16. Qc2 Ne4 17. Rfd1 f6 18. Nd4 Qd7 19. Ne2 Qe8 20. f3 Ng5 21.
exf6 Bxf6 22. Nf4 Qf7 23. Ba3 Rfe8 24. Ne2 Rcd8 25. Bb4 Be7 26. Be1 Bc5 27. Bf2
Ba7 28. Rd2 Rf8 29. Ng3 h5 30. h4 Nh7 31. Rcd1 Nf6 32. Qc3 Rde8 33. Qe5 Bb8 34.
Qg5 g6 35. Ne2 Ne4 36. fxe4 Qxf2+ 37. Kh1 Kg7 38. Ng1 Qg3 39. Nf3 Rxf3 40. gxf3
Qxf3+ 41. Qg2 Rf8 42. Qxf3 Rxf3 43. cxd5 cxd5 44. exd5 exd5 45. Rxd5 Rh3+ 46.
Kg1 Rxh4 47. Rd7+ Kh6 48. Rxb7 Be5 49. Ra7 Rh3 50. Rd3 h4 51. Rxa6 Rg3+ 52. Kf2
h3 53. Rd1 Kh5 54. Ra5 Rg5 55. Kf3 1-0

[Event "Dmitrov 2012 open"]
[Site "Dmitrov"]
[Date "2012.07.25"]
[Round "2.7"]
[White "Ofitserian, Boris"]
[Black "Rudenok, Tatiana"]
[Result "1/2-1/2"]
[WhiteElo "2049"]
[BlackElo "2023"]
[PlyCount "58"]
[EventDate "2012.07.25"]

1. e4 c5 2. Nf3 d6 3. d4 cxd4 4. Nxd4 Nf6 5. Nc3 Nc6 6. Bc4 g6 7. Bb3 Bg7 8.
O-O O-O 9. Nxc6 bxc6 10. h3 a5 11. Re1 Nd7 12. Be3 Nb6 13. a4 Ba6 14. Qd2 Nc4
15. Bxc4 Bxc4 16. b3 Be6 17. Bd4 f6 18. Rad1 Rb8 19. f4 Rf7 20. Qd3 Qc8 21. Qf3
Rb4 22. Na2 Rb8 23. Bc3 Qd7 24. Qe3 Qc7 25. Qd2 Ra8 26. Ba1 Rd8 27. Qf2 Qd7 28.
Qb6 Ra8 29. Qe3 Qa7 1/2-1/2

[Event "Dmitrov 2012 open"]
[Site "Dmitrov"]
[Date "2012.07.25"]
[Round "2.8"]
[White "Yakushev, Vladimir"]
[Black "Bivol, Alina"]
[Result "1/2-1/2"]
[WhiteElo "2147"]
[BlackElo "2175"]
[PlyCount "46"]
[EventDate "2012.07.25"]

1. e4 e6 2. d4 d5 3. Nc3 Bb4 4. exd5 exd5 5. Bd3 Nf6 6. Bg5 O-O 7. Qf3 Qe8+ 8.
Kf1 Bxc3 9. Bxf6 Bd2 10. Be5 Qd7 11. Bxh7+ Kxh7 12. Qd3+ f5 13. Qxd2 Qb5+ 14.
Ne2 Qxb2 15. Re1 Nc6 16. Bxg7 Kxg7 17. Qg5+ Kh7 18. h4 f4 19. Qh5+ Kg7 20. Qg5+
Kh7 21. Qh5+ Kg7 22. Qg5+ Kh7 23. Qh5+ Kg7 1/2-1/2

[Event "Dmitrov 2012 open"]
[Site "Dmitrov"]
[Date "2012.07.25"]
[Round "2.9"]
[White "Lyubokhiner, Leonid M"]
[Black "Mozgunov, Mikhail"]
[Result "0-1"]
[WhiteElo "1715"]
[BlackElo "2029"]
[PlyCount "106"]
[EventDate "2012.07.25"]

1. e4 d6 2. d4 g6 3. Nf3 Bg7 4. Be2 Nf6 5. Nc3 O-O 6. O-O c6 7. h3 b5 8. e5
dxe5 9. Nxe5 b4 10. Na4 Nfd7 11. Bf4 Qa5 12. Nxd7 Nxd7 13. c3 e5 14. Be3 Re8
15. cxb4 Qxb4 16. a3 Qa5 17. b4 Qd5 18. Bf3 e4 19. Nc3 Qf5 20. Bg4 Qf6 21. Qd2
Nb6 22. Bxc8 Raxc8 23. Rac1 Qd6 24. Rfd1 f5 25. Bh6 Nc4 26. Qf4 Qxf4 27. Bxf4
Nb2 28. Be3 Nxd1 29. Rxd1 Red8 30. Ne2 Kf7 31. Rc1 Rd5 32. Kf1 Bf6 33. Rc4 g5
34. g3 Be7 35. Nc3 Rdd8 36. a4 Ke6 37. Ke2 Kd7 38. Kd2 Rb8 39. b5 Rdc8 40. d5
cxb5 41. Rxc8 Rxc8 42. axb5 Bb4 43. Bd4 Bxc3+ 44. Bxc3 Rc5 45. Bd4 Rxb5 46.
Bxa7 Rxd5+ 47. Kc3 Ke6 48. Bb8 Rd3+ 49. Kc2 Rf3 50. Ba7 f4 51. Bb8 Rxf2+ 52.
Kd1 f3 53. Ba7 Rh2 0-1

[Event "Dmitrov 2012 open"]
[Site "Dmitrov"]
[Date "2012.07.25"]
[Round "2.10"]
[White "Sepp, Yuri"]
[Black "Studennikov, Dmitry"]
[Result "0-1"]
[WhiteElo "1967"]
[BlackElo "1650"]
[PlyCount "92"]
[EventDate "2012.07.25"]

1. e4 d5 2. exd5 Nf6 3. d4 Nxd5 4. c4 Nb6 5. Nc3 e5 6. d5 Be7 7. Be3 O-O 8. Nf3
Bg4 9. h3 Bxf3 10. Qxf3 N8d7 11. Be2 f5 12. g4 e4 13. Qg3 Bh4 14. Qh2 Qf6 15.
gxf5 Qxf5 16. Bg4 Qe5 17. Bxd7 Nxd7 18. O-O-O Qxh2 19. Rxh2 Ne5 20. Nxe4 Nxc4
21. Bc5 Rf4 22. Rd4 Ne5 23. Rg2 Nf3 24. Rb4 Ne1 25. Rg4 Rxg4 26. hxg4 Nd3+ 27.
Kc2 Nxb4+ 28. Bxb4 Rd8 29. d6 cxd6 30. Bxd6 Bxf2 31. Kc3 a6 32. Kc4 Ba7 33. b4
Kf7 34. Be5 b5+ 35. Kc3 Kg6 36. Nc5 Bxc5 37. bxc5 Rc8 38. Kd4 Kg5 39. Bxg7 Kxg4
40. Kd5 h5 41. c6 h4 42. Be5 h3 43. c7 Kf5 44. Bh2 b4 45. Kc4 Ke6 46. Kxb4 Kd7
0-1

[Event "Dmitrov 2012 open"]
[Site "Dmitrov"]
[Date "2012.07.26"]
[Round "3.1"]
[White "Volkov, Sergei"]
[Black "Izotov, Sergey"]
[Result "1/2-1/2"]
[WhiteElo "2136"]
[BlackElo "2123"]
[PlyCount "39"]
[EventDate "2012.07.25"]

1. Nf3 Nf6 2. d4 g6 3. Bf4 Bg7 4. h3 O-O 5. e3 d6 6. Be2 Nfd7 7. c3 e5 8. dxe5
Nxe5 9. O-O Nbc6 10. Nbd2 Bd7 11. Nd4 Rb8 12. Qc2 Qe7 13. Rfe1 Rfe8 14. Bf1 Nd8
15. Bh2 Nec6 16. N2f3 Ne5 17. Rad1 Nxf3+ 18. Nxf3 Ne6 19. Nd4 Nc5 20. Be2
1/2-1/2

[Event "Dmitrov 2012 open"]
[Site "Dmitrov"]
[Date "2012.07.26"]
[Round "3.2"]
[White "Ustinov, Alexey"]
[Black "Struzhkin, Denis"]
[Result "1-0"]
[WhiteElo "2155"]
[BlackElo "2056"]
[PlyCount "53"]
[EventDate "2012.07.25"]

1. d4 Nf6 2. Bg5 g6 3. Bxf6 exf6 4. e3 Bg7 5. c4 O-O 6. Nc3 d6 7. g3 Bd7 8. Bg2
Bc6 9. d5 Bd7 10. Nge2 Re8 11. O-O f5 12. b4 g5 13. Qd3 Qf6 14. Rab1 h5 15. c5
f4 16. gxf4 gxf4 17. Ne4 Qh4 18. Nxf4 Bf5 19. cxd6 cxd6 20. Qb5 Qe7 21. Nxd6
Bd7 22. Qxb7 Qxd6 23. Qxa8 Qb6 24. d6 Nc6 25. Nd5 Rxa8 26. Nxb6 axb6 27. b5 1-0

[Event "Dmitrov 2012 open"]
[Site "Dmitrov"]
[Date "2012.07.26"]
[Round "3.3"]
[White "Berezin, Viktor"]
[Black "Denishev, Marat"]
[Result "0-1"]
[WhiteElo "2124"]
[BlackElo "2139"]
[PlyCount "130"]
[EventDate "2012.07.25"]

1. e4 c5 2. Nf3 e6 3. d4 cxd4 4. Nxd4 Nc6 5. Nc3 Qc7 6. g3 a6 7. Bg2 d6 8. O-O
Nf6 9. h3 Be7 10. Be3 O-O 11. Qe2 Bd7 12. f4 Nxd4 13. Bxd4 Bc6 14. Rad1 b5 15.
e5 Bxg2 16. Kxg2 Nd7 17. exd6 Bxd6 18. Bxg7 Kxg7 19. Qd3 b4 20. Qxd6 Qxd6 21.
Rxd6 bxc3 22. Rxd7 cxb2 23. Rb1 Rab8 24. Rd2 Rfc8 25. c4 Rxc4 26. Rbxb2 Rxb2
27. Rxb2 Rc3 28. a4 Ra3 29. Rb4 h5 30. Rc4 Kg6 31. Re4 Kh6 32. Rc4 Kh7 33. Re4
Kg6 34. Rc4 Kf5 35. Rb4 f6 36. Kf2 e5 37. g4+ hxg4 38. hxg4+ Kg6 39. fxe5 fxe5
40. Rb6+ Kg5 41. Rxa6 Kxg4 42. Rb6 Kf4 43. Rb2 e4 44. Rb8 Ra2+ 45. Ke1 Kf3 46.
Re8 Rxa4 47. Re7 Ra1+ 48. Kd2 Ra2+ 49. Kd1 Ke3 50. Re8 Rh2 51. Ra8 Rh1+ 52. Kc2
Ke2 53. Ra7 e3 54. Ra2 Rd1 55. Ra3 Rd7 56. Ra8 Rc7+ 57. Kb2 Kd1 58. Re8 e2 59.
Rd8+ Ke1 60. Rf8 Rc5 61. Kb3 Kd1 62. Rd8+ Kc1 63. Re8 Rc2 64. Re7 Rd2 65. Re8
Kd1 0-1

[Event "Dmitrov 2012 open"]
[Site "Dmitrov"]
[Date "2012.07.26"]
[Round "3.4"]
[White "Asrian, Armen"]
[Black "Dobrynina, Aleksandra"]
[Result "1-0"]
[WhiteElo "2119"]
[BlackElo "2023"]
[PlyCount "75"]
[EventDate "2012.07.25"]

1. e4 e6 2. d4 d5 3. e5 c5 4. c3 Nc6 5. Nf3 Bd7 6. Be2 Rc8 7. O-O a6 8. Be3
cxd4 9. cxd4 Nge7 10. Nc3 Nf5 11. Bd3 Nh4 12. Ng5 Be7 13. Qh5 Ng6 14. f4 Bxg5
15. fxg5 Qe7 16. Rf2 Nb4 17. Bf1 Nc6 18. a3 Na5 19. Re1 Nc4 20. Bc1 Qd8 21. Bd3
Qb6 22. Qg4 Nxa3 23. Ref1 Rf8 24. h4 Nc4 25. h5 Ngxe5 26. dxe5 Nxe5 27. Qg3
Nxd3 28. Qxd3 d4 29. Qxh7 dxc3 30. Qxg7 cxb2 31. Bxb2 Bb5 32. Bd4 Qd6 33. Re1
Rc4 34. Be5 Qb4 35. Rd1 Qb3 36. Rd8+ Kxd8 37. Qxf8+ Kd7 38. Rxf7+ 1-0

[Event "Dmitrov 2012 open"]
[Site "Dmitrov"]
[Date "2012.07.26"]
[Round "3.5"]
[White "Bivol, Alina"]
[Black "Mozgunov, Mikhail"]
[Result "1-0"]
[WhiteElo "2175"]
[BlackElo "2029"]
[PlyCount "75"]
[EventDate "2012.07.25"]

1. e4 d6 2. d4 g6 3. Nc3 Bg7 4. Bg5 c6 5. Qd2 Nf6 6. O-O-O Qa5 7. f3 O-O 8. h4
b5 9. a3 Qc7 10. g4 a5 11. h5 b4 12. Nb1 Na6 13. hxg6 fxg6 14. Qh2 e5 15. dxe5
dxe5 16. Bc4+ Kh8 17. Ne2 Nc5 18. Be3 Ne6 19. g5 Nh5 20. Ng3 Qf7 21. Nxh5 gxh5
22. Rdf1 Qg6 23. Qxh5 Qxh5 24. Rxh5 Kg8 25. axb4 axb4 26. Bc5 Rd8 27. Bxb4 Kf7
28. Rxh7 Kg6 29. Rh2 Nf4 30. Bd2 Rd4 31. b3 Nh5 32. Rfh1 Nf4 33. Be3 Rd8 34.
Kb2 Bb7 35. Nc3 Re8 36. Ne2 Ra5 37. Rd1 Nxe2 38. Rd6+ 1-0

[Event "Dmitrov 2012 open"]
[Site "Dmitrov"]
[Date "2012.07.26"]
[Round "3.6"]
[White "Rumjantsev, Juri"]
[Black "Rudenok, Tatiana"]
[Result "1/2-1/2"]
[WhiteElo "2133"]
[BlackElo "2023"]
[PlyCount "119"]
[EventDate "2012.07.25"]

1. e4 c5 2. Nf3 d6 3. d4 cxd4 4. Nxd4 Nf6 5. Nc3 Nc6 6. Bc4 g6 7. Nxc6 bxc6 8.
e5 Ng4 9. exd6 exd6 10. O-O Be7 11. Be2 h5 12. b3 d5 13. Bb2 O-O 14. h3 Nh6 15.
Na4 Bf6 16. Bxf6 Qxf6 17. Qd2 Nf5 18. Rad1 Re8 19. Rfe1 Nd6 20. Bd3 Bf5 21.
Bxf5 Nxf5 22. Qf4 Re7 23. c4 dxc4 24. Rxe7 Qxe7 25. Qxc4 Rc8 26. b4 Rc7 27. Nc5
Qe5 28. Rd8+ Kg7 29. Nd3 Qf6 30. Ra8 Rd7 31. Qe4 Re7 32. Qf4 Qc3 33. Qb8 Kh6
34. Qf8+ Qg7 35. Qxg7+ Kxg7 36. Kf1 Nd4 37. Rd8 Nb5 38. a4 Nc3 39. Nc5 Re2 40.
Rd3 Rc2 41. g3 Na2 42. Na6 Rb2 43. Rd4 Nc3 44. a5 Nd5 45. Rc4 Ne7 46. Nb8 c5
47. Rxc5 Rxb4 48. Nc6 Nxc6 49. Rxc6 Ra4 50. Ra6 f5 51. h4 f4 52. Rxa7+ Kf6 53.
Ke2 fxg3 54. fxg3 Ra3 55. Kf2 Kf5 56. a6 Kg4 57. Ra8 Ra2+ 58. Ke3 Kxg3 59. a7
Kxh4 60. Rg8 1/2-1/2

[Event "Dmitrov 2012 open"]
[Site "Dmitrov"]
[Date "2012.07.26"]
[Round "3.7"]
[White "Dugin, Andrey"]
[Black "Tarmosin, Mikhail"]
[Result "0-1"]
[WhiteElo "1793"]
[BlackElo "2100"]
[PlyCount "68"]
[EventDate "2012.07.25"]

1. d4 Nf6 2. Nc3 d5 3. Bg5 Bf5 4. f3 Nbd7 5. e4 dxe4 6. Bc4 h6 7. Bf4 e6 8. Nb5
Bb4+ 9. c3 Ba5 10. d5 e5 11. Be3 a6 12. Na3 Bb6 13. Qd2 Bxe3 14. Qxe3 Qe7 15.
O-O-O Qc5 16. Qxc5 Nxc5 17. fxe4 Ncxe4 18. Rf1 Bg4 19. Nf3 Bxf3 20. Rxf3 Nd6
21. Re1 e4 22. h4 O-O 23. Rf4 Nh5 24. Rf2 f5 25. Bb3 f4 26. Nc4 Rae8 27. Nxd6
cxd6 28. c4 b6 29. Kb1 Ng3 30. Ba4 e3 31. Rf3 Re4 32. b3 Nf5 33. g3 Nxg3 34.
Bd7 g5 0-1

[Event "Dmitrov 2012 open"]
[Site "Dmitrov"]
[Date "2012.07.26"]
[Round "3.8"]
[White "Kirillov, Nikolay"]
[Black "Kobozeva, Viktoria"]
[Result "1-0"]
[WhiteElo "2061"]
[BlackElo "1798"]
[PlyCount "101"]
[EventDate "2012.07.25"]

1. d4 Nf6 2. c4 g6 3. Nc3 Bg7 4. e4 d6 5. Bd3 O-O 6. Nge2 Nbd7 7. O-O e5 8. d5
Nc5 9. Bc2 a5 10. f3 Ne8 11. Be3 f5 12. Qd2 f4 13. Bf2 Qg5 14. Kh1 Qe7 15. a3
g5 16. b4 axb4 17. axb4 Rxa1 18. Rxa1 Na6 19. b5 Nc5 20. Ra8 Nf6 21. Bxc5 dxc5
22. b6 g4 23. bxc7 Qxc7 24. Nb5 Qe7 25. Nec3 g3 26. h3 Bd7 27. Ra7 Rb8 28. Na4
Bxb5 29. cxb5 Qd6 30. Nb2 c4 31. Nd1 Qc5 32. Ra1 Qxb5 33. Nc3 Qc5 34. Ba4 Qd4
35. Qc1 Bf8 36. Nb5 Qc5 37. Qc3 Ra8 38. Qxe5 Rxa4 39. Rxa4 Qxb5 40. Ra1 Bg7 41.
Qxf4 Qb2 42. Ra8+ Kf7 43. Qxg3 Qb1+ 44. Kh2 Nh5 45. Qc7+ Kg6 46. Qc6+ Kg5 47.
Rg8 Qb2 48. e5 Kf4 49. Rxg7 Nxg7 50. Qh6+ Kf5 51. Qf6# 1-0

[Event "Dmitrov 2012 open"]
[Site "Dmitrov"]
[Date "2012.07.26"]
[Round "3.10"]
[White "Studennikov, Dmitry"]
[Black "Yakushev, Vladimir"]
[Result "1/2-1/2"]
[WhiteElo "1650"]
[BlackElo "2147"]
[PlyCount "81"]
[EventDate "2012.07.25"]

1. e4 e5 2. Nf3 Nc6 3. d4 exd4 4. Nxd4 Nf6 5. Nxc6 bxc6 6. e5 Qe7 7. Qe2 Nd5 8.
c4 Nb6 9. g3 g6 10. Bg2 Bg7 11. f4 Bb7 12. b3 O-O-O 13. Ba3 Qe6 14. Nd2 f6 15.
exf6 Qxe2+ 16. Kxe2 Bxf6 17. Rad1 d5 18. Rhe1 dxc4 19. Nxc4 Ba6 20. Bxc6 Nxc4
21. bxc4 Bxc4+ 22. Kf3 Bxa2 23. Rxd8+ Rxd8 24. Be7 Rd3+ 25. Ke4 Rc3 26. Bxf6
Rxc6 27. Be5 Kb7 28. Re2 Be6 29. Rb2+ Rb6 30. Bd4 Rxb2 31. Bxb2 a5 32. Ke5 Bf5
33. Ba3 Kb6 34. Kd4 Kb5 35. Bf8 Ka4 36. Kc3 Kb5 37. Kd4 Kc6 38. Ba3 Kd7 39. Ke5
Kc6 40. Kd4 Kb5 41. Bf8 1/2-1/2